Mahalleden kent parlamentosuna : (Record no. 15331)

MARC details
000 -BAŞLIK
Sabit Uzunlukta Kontrol Alanı 00916nam a22002657a 4500
999 ## - SİSTEM KONTROL NUMARALARI (KOHA)
Koha Biblionumber 15331
Koha Biblioitemnumber 15331
003 - KONTROL NUMARASI IDENTIFIER
Denetim Alanı MIRAKIL
005 - SON İŞLEM TARİHİ VE ZAMANI
Denetim Alanı 20240208151514.0
008 - SABİT-BOY VERİ ELEMANLARI - GENEL BİLGİLER
Sabit Uzunlukta Kontrol Alanı 240208b tu ||||| |||| 00| 0 tur d
020 ## - ULUSLARARASI STANDART KİTAP NUMARASI
Uluslararası Standart Kitap Numarası 9786054407224
040 ## - KATALOGLAMA KAYNAK
Orijinal Kataloglama Ajansı TR-AnCHP
Metne Dönüştürmek Ajansı TR-AnCHP
041 ## - DİL KODU
Metin / Ses Parça Veya Ayrı Başlığın Dil Kodu Türkçe
082 ## - DEWEY ONLU SINIFLANDIRMA NUMARASI
Sınıflandırma Numarası 352.0561
Ürün Numarası O63m 2018
090 ## - SINIFLAMA NUMARASI
Sınıflama Numarası 352.0561 O63m 2018
100 1# - ANA GİRİŞ - KİŞİSEL İSİM
Kişisel Ad Orhan, Gönen
245 10 - BAŞLIK TABLOSU
Başlık Mahalleden kent parlamentosuna :
Başlığın Kalan başka bir yerel yönetim mümkün /
Sorumluluk Tablosu, Vb Gönen Orhan ; editörler : Mustafa Kemal Coşkun, Sinem Özer.
250 ## - EDITION TABLOSU
Baskı Beyanı 1. Baskı
260 ## - YAYIN, DAĞITIM, VB
Yayın, Dağıtım, Vb Yeri İstanbul :
Yayıncı, Dağıtıcı, Vs Adı Ceren Tanıtım Ve Organizasyon,
Yayın, Dağıtım, Vb Tarihi 2018.
300 ## - FİZİKSEL TANIM
Kapsam 166 sayfa :
Diğer Fiziksel Ayrıntıları resim ;
Boyutlar 21 cm
650 #0 - KONU KATMA GİRİŞ - TOPİKAL DÖNEM
9 (RLIN) 981
Topikal Süreli Veya Coğrafi Ad Giriş Elemanı yerel yönetimler
650 #0 - KONU KATMA GİRİŞ - TOPİKAL DÖNEM
9 (RLIN) 7
Topikal Süreli Veya Coğrafi Ad Giriş Elemanı Demokrasi
650 #0 - KONU KATMA GİRİŞ - TOPİKAL DÖNEM
9 (RLIN) 5626
Topikal Süreli Veya Coğrafi Ad Giriş Elemanı Parlamento
650 #0 - KONU KATMA GİRİŞ - TOPİKAL DÖNEM
9 (RLIN) 976
Topikal Süreli Veya Coğrafi Ad Giriş Elemanı Yerel yönetimler
Genel Alt Bölümü Stratejiler
856 ## - ELEKTRONİK YER VE ERİŞİM
Kamu Notu Dijital Nüshası için Partimizin Kütüphane Sorumlusu ile iletişime geçiniz.
942 ## - EKLENDİ GİRİŞ ELEMANLARI (KOHA)
Sınıflandırma Veya Raf Düzeni Kaynak Dewey Decimal Classification
Koha Öğesi Türü Books
Holdings
Kalıcı Konum Mevcut Konum Edinme Tarihi Toplam Check-Out'Lar Tam Çağrı Numarası Barkod Tarih Son Görülme İtibaren Geçerli Fiyatlar Koha Öğesi Türü
CHP Kütüphanesi CHP Kütüphanesi 02/08/2024   352.0561 O63m 2018 20920 02/08/2024 02/08/2024 Books
Parti Okulu Kütüphanesi Parti Okulu Kütüphanesi 02/27/2024   352.0561 O63m 2018 21267 02/27/2024 02/27/2024 Books